Statistics for States With Limited Recognition

Click here to take the quiz!

General Stats

  • This quiz has been taken 10 times
  • The average score is 12 of 14

Answer Stats

Not recognized by (example)Answer% Correct
TurkeyCyprus
100%
SyriaIsrael
100%
SerbiaKosovo
100%
South KoreaNorth Korea
100%
IsraelPalestine
100%
Republic of ChinaPeople's Republic of China
100%
People's Republic of ChinaRepublic of China
100%
MoroccoWestern Sahara
89%
GeorgiaAbkhazia
78%
PakistanArmenia
78%
CyprusNorthern Cyprus
78%
GeorgiaSouth Ossetia
78%
All Countries (Only recognized by two other limited recognition states)Transnistria
78%
All Countries (Except Taiwan)Somaliland
22%

Score Distribution

Percentile by Number Answered

Percent of People with Each Score

Your Score History

You have not taken this quiz